How to avoid property tax (Record no. 107876)
[ view plain ]
| 000 -LEADER | |
|---|---|
| fixed length control field | 01340cam a22002655a 4500 |
| 001 - CONTROL NUMBER | |
| control field | L142398 |
| 008 - FIXED-LENGTH DATA ELEMENTS--GENERAL INFORMATION | |
| fixed length control field | 080212s2007 xxk f 000 0 eng d |
| 020 ## - INTERNATIONAL STANDARD BOOK NUMBER | |
| International Standard Book Number | 1904608647 |
| 035 ## - SYSTEM CONTROL NUMBER | |
| System control number | (Sirsi) u142398 |
| 041 0# - LANGUAGE CODE | |
| Language code of text/sound track or separate title | eng |
| 050 04 - LIBRARY OF CONGRESS CALL NUMBER | |
| Classification number | 336.2 $2 18 |
| 100 1# - MAIN ENTRY--PERSONAL NAME | |
| Personal name | Bayley, Carl |
| 245 00 - TITLE STATEMENT | |
| Title | How to avoid property tax |
| 250 ## - EDITION STATEMENT | |
| Edition statement | 10th ed. |
| 260 ## - PUBLICATION, DISTRIBUTION, ETC. | |
| Place of publication, distribution, etc. | Kircaldy |
| Name of publisher, distributor, etc. | Taxcafe UK Limited |
| Date of publication, distribution, etc. | 2007 |
| 300 ## - PHYSICAL DESCRIPTION | |
| Extent | 291p. |
| Dimensions | 24cm. |
| 505 2# - FORMATTED CONTENTS NOTE | |
| Formatted contents note | What is property tax? -- What kind of property investor are you? -- How to avoid income tax -- Avoiding income tax on a property investment business -- How to avoid tax on a property trade -- How to avoid capital gains tax -- Other taxes to watch out for -- Advanced tax planning -- Planning with more complex structures -- The 2007 Pre-Budget Report -- Appendix A: tax rates and allowances -- Appendix B: Indexation relief rates -- Appendix C: Tax return supplements -- Appendix D: Short leases |
| 520 ## - SUMMARY, ETC. | |
| Summary, etc. | A practical guide to saving income tax and capital gains tax on property investments and dealings. Aimed at all types of property investor, from buy-to-let landlord to amateur property developer to second home owners. |
| 520 ## - SUMMARY, ETC. | |
| Summary, etc. | Supersedes the 9th ed. |
| 521 ## - TARGET AUDIENCE NOTE | |
| Target audience note | Introductory |
| 590 ## - LOCAL NOTE (RLIN) | |
| Local note | KA |
| 651 #4 - SUBJECT ADDED ENTRY--GEOGRAPHIC NAME | |
| Geographic name | United Kingdom |
| Chronological subdivision | |
| 690 ## - LOCAL SUBJECT ADDED ENTRY--TOPICAL TERM (OCLC, RLIN) | |
| Topical term or geographic name as entry element | PROPERTY-PROPERTY TAXATION |
| 942 ## - ADDED ENTRY ELEMENTS (KOHA) | |
| Suppress in OPAC | 0 |
| Withdrawn status | Lost status | Source of classification or shelving scheme | Damaged status | Not for loan | Home library | Current library | Shelving location | Date acquired | Cost, normal purchase price | Total Checkouts | Full call number | Barcode | Date last seen | Date last checked out | Copy number | Cost, replacement price | Price effective from | Koha item type |
|---|---|---|---|---|---|---|---|---|---|---|---|---|---|---|---|---|---|---|
| Dewey Decimal Classification | London | London | Books | 19/02/2008 | 24.95 | 5 | 336.2 BAY | 30072636 | 06/08/2019 | 08/08/2008 | 1 | 24.95 | 06/08/2019 | Book |